Дело об определении капельдинера Ивана Бельцова, состоящего при директоре, в число канцелярских служителей копиистом. Тут же о с...

Доступно только в Электронных читальных залах Найти на картеНа карте
RUSMARC
00004147nmc2a22000003x 450
001260d156d-ccec-4521-acc1-a13db6b66b37
00520181127095836.0
100##$a20161226l18241829k l0rusy0189 ca
1010#$arus
102##$aRU
2001#$aДело об определении капельдинера Ивана Бельцова, состоящего при директоре, в число канцелярских служителей копиистом. Тут же о смерти его
$j28 ноября 1824 г. - 20 декабря 1829 г.
251##$cДело
300##$aДело
300##$aОриг. заголовок дела: Дело о смерти смотрителя Малого театра Бельцова и о выдаче оставшемуся семейству его на погребение 150 рублей. 28 ноября 1824 г. - 20 декабря 1829 г
801#0$aRU
$bРГИА
$c20161226
$gRCR
801#1$aRU
$bГлавНИВЦ
$c20161226
$2rusmarc
801#2$aRU
$bПБ им. Б.Н. Ельцина
$c20181127
$gRCR
$2rusmarc
850##$aРГИА
852##$aРГИА
$eФедеральное казенное учреждение "Российский государственный исторический архив" (РГИА)
$j2513
937##$hРГИА
$d12234642
$aASBIBLIO_SCAN
462#0$1001dd3991dc-24e1-42ec-8838-ca4255420416
$12001
$a1746-1850 гг.
$1251
$cОпись
$1852
$j1
461#0$10019264ebf8-de62-4f1a-9eb4-9f22098dbbd5
$12001
$aДирекция императорских театров МИДв
$1251
$cФонд
$1852
$j497
215##$a8 л.
$d36,5х26 см
371##$aДокумент не является опубликованным и широко распространяемым
105##$ay###
1222#$ad
5171#$aДело о смерти смотрителя Малого театра Бельцова и о выдаче оставшемуся семейству его на погребение 150 рублей. 28 ноября 1824 г. - 20 декабря 1829 г
035##$a260d156d-ccec-4521-acc1-a13db6b66b37
856##$uhttp://readingroom.main.prlib.ru/item.aspx?id_node=n121041687&mode=full
Формат отображения